| 000 | 01211cam a2200361 a 4500 | ||
|---|---|---|---|
| 003 | CHAP | ||
| 005 | 20220817043627.0 | ||
| 008 | 000224d1996 mx r 00010 spa d | ||
| 010 | _a80088 | ||
| 011 | _a81060 | ||
| 020 | _a9684442092 | ||
| 035 | _a91520 | ||
| 040 | _cCHAP | ||
| 082 | 0 | 4 |
_a972.0836 _bD4 1996 |
| 100 | 0 | 0 |
_aDelgado de Cantú, Gloria M. _931607 |
| 245 | 1 | 0 |
_aHistoria de México _c/por Gloria M. Delgado de Cantú |
| 250 | _a3ed. | ||
| 260 |
_aMéxico, D. F. : _bAddison Wesley Longman, _c1996. |
||
| 300 | _av. | ||
| 500 | _aLa biblioteca tiene : v.2 Estado moderno y crisis en el México del siglo XX | ||
| 590 |
_aBATCH-UPD _b10 _c20130110 _lUCH01 _h0600 |
||
| 590 |
_aBATCH-UPD _b10 _c20130410 _lUCH01 _h0241 |
||
| 590 |
_aBATCH-UPD _b10 _c20130914 _lUCH01 _h1139 |
||
| 590 |
_aBATCH-UPD _b10 _c20161124 _lUCH01 _h1711 |
||
| 590 |
_aCONVERSION _b10 _c20130109 _lUCH01 _h1344 |
||
| 650 | 1 | 4 |
_aMéxico _xHistoria. |
| 650 | 1 | 4 |
_aMéxico _xHistoria _xRevolución. _976768 |
| 651 | 4 |
_aMéxico _xPolítica y gobierno. _976783 |
|
| 901 | _aBK | ||
| 905 | _aLilia Sánchez G. | ||
| 942 | _cLIBRO | ||
| 949 |
_a972.0836 D4 1996 _bBC _cLIBRO _d33724000756359 _eLIBRO _fv.2 _gI.c/e _h97284 _i91520 _si _t$95.00 |
||
| 999 |
_c80088 _d80088 |
||